Newnes amateur radio computing handbook (Record no. 52222)

MARC details
000 -LEADER
fixed length control field 00620nam a2200181 a 4500
008 - FIXED-LENGTH DATA ELEMENTS--GENERAL INFORMATION
fixed length control field 060316s1990 ||||||||||||||||| || u
020 ## - INTERNATIONAL STANDARD BOOK NUMBER
International Standard Book Number 0434915165
050 ## - LIBRARY OF CONGRESS CALL NUMBER
Classification number TK 9956 Pri
100 ## - MAIN ENTRY--PERSONAL NAME
Personal name Pritchard, Joe
245 10 - TITLE STATEMENT
Title Newnes amateur radio computing handbook
260 ## - PUBLICATION, DISTRIBUTION, ETC.
Place of publication, distribution, etc. Oxford
Name of publisher, distributor, etc. Heinemann Newnes
Date of publication, distribution, etc. 1990
300 ## - PHYSICAL DESCRIPTION
Extent ix, 363 p. : ill.
350 ## - PRICE (NR) (BK AM CF MU VM SE) [OBSOLETE]
Price 0.00
500 ## - GENERAL NOTE
General note Includes bibliographical references
650 ## - SUBJECT ADDED ENTRY--TOPICAL TERM
Topical term or geographic name entry element TEXTBOOKS
650 ## - SUBJECT ADDED ENTRY--TOPICAL TERM
Topical term or geographic name entry element MICROCOMPUTERS
995 ## - RECOMMENDATION 995 [LOCAL, UNIMARC FRANCE]
-- 0.00
-- CBU-MAIN LIBRARY (Kitwe)
-- 1
-- 14.95
-- AVAILABLE
-- Annex Low-Usage Collection
Holdings
Withdrawn status Lost status Source of classification or shelving scheme Damaged status Not for loan Home library Current library Shelving location Date acquired Total Checkouts Full call number Barcode Date last seen Price effective from Koha item type
          CBU-MAIN LIBRARY, KITWE. CBU-MAIN LIBRARY, KITWE.   11/30/2022   TK 9956 Pri 015764 11/30/2022 11/30/2022 MONOGRAPH